| 000 | 00477cam a2200193ua 4500 | ||
|---|---|---|---|
| 020 | _c37.50 | ||
| 041 |
_aeng _h |
||
| 082 |
_a523 _bKRA/PH |
||
| 100 | _aKrauskopf, Konard . | ||
| 245 |
_aPhysical universe / _cKonard Krauskopf. _hTextual Documents |
||
| 250 |
_a1 / _b. |
||
| 260 |
_aNew York : _bMcGraw Hill Book Company , _c1960. |
||
| 300 | _a536 ; . | ||
| 365 | _a37.50 | ||
| 504 | _a | ||
| 700 | 1 | _aBeiser, Arthur . | |
| 942 | _cBK | ||
| 999 |
_c10764 _d10764 |
||